Normal view
MARC view
- Acín, Ramón,
Entry Nombre Personal
001 - NUMERO DE CONTROL
- campo de control: 46311
003 - IDENTIFICADOR DE NUMERO DE CONTROL
- campo de control: UPN
005 - FECHA Y HORA DE LA ÜLTIMA TRANSACCIÓN
- campo de control: 20220912102248.0
008 - DATOS DE LONGITUD FIJA
- campo de control de longitud fija: 220912nn acannaabn n aaa d
040 ## - FUENTE DE CATALOGACIÓN
- Agencia original de catalogación: UPN
053 #4 - NÚMERO DE CLASIFICACIÓN LC
- Número de clasificación elemento-número único o número inicial de tramo: PQ6651 C5
100 1# - ENCABEZAMIENTO - NOMBRE PERSONAL
- Nombre personal: Acín, Ramón,
- Fechas asociadas con el nombre: 1952-
400 1# - VEÁSE - NOMBRE DE PERSONA
- Personal name: Acín Fanlo, Ramón,
- Dates associated with a name: 1952-
670 ## - FUENTE EN LA QUE SE LOCALIZARON DATOS
- Cita de la fuente: LC
680 ## - NOTA PUBLICA DE ACCESO PÚBLICO
- Frase explicativa de la referencia: Escritor, filólogo y profesor español
902 ## - CATALOGADOR
- Catalogador: CAA/120922
